Básne

Bibliographic Details
Main Author: Lux, Thomas, 1946- (Author)
Other Authors: Drugová, Ildikó, 1966- (Translator)
Format: Article
Language:Slovak
English
Subjects:

MARC

LEADER 00000nab a2200000 a 4500
001 vtls000842224
003 SK-MaSNL
005 20260304121002.0
008 250429c2003 xo 0 slo
015 |a SNBRB2003/08-22400 
035 |a CLN000193879 
035 |a urn:nbn:sk:snk-abbwk9 
035 |a (urnnbn)urn:nbn:sk:snk:ar-004a1y 
035 |a (uuid)42856ff2-ac48-43b5-8eac-51d7a4ee3c0d 
040 |a SNKBUCL  |b slo  |c SNKBUCL  |e AACR2 
041 1 |a slo  |h eng 
044 |a xo  |c SK 
080 |a 821.111 (73)-1  |2 1997 
100 1 |a Lux, Thomas,  |d 1946-  |4 aut  |9 1425468 
245 1 0 |a Básne  |c Thomas Lux ; preložila Ildikó Drugová 
505 1 |a Mozog Walta Whitmana spadol na laboratórnu dlážku -- Ľudia z druhej dediny -- Mliekar a jeho syn 
655 7 |a americká poézia  |2 snkbucl  |9 70641 
655 7 |a články z novín a časopisov  |2 snkbucl  |9 267496 
700 1 |a Drugová, Ildikó,  |d 1966-  |4 trl  |9 110928 
773 0 |t Revue svetovej literatúry  |g Roč. 39, č. 2 (2003), s. 27-29 
850 |a Slovenská národná knižnica 
852 |a Slovenská národná knižnica 
954 |a beletria cudzojazyčná (svetová)  |2 lita 
958 |a article15 
958 |a LX 
958 |a US 
958 |a OND 
958 |a EUIPO 
992 |a RBX 
999 |c 2882735  |d 2884665